Anibid and Omandumba and other erongo sites / (Record no. 36239)
[ view plain ]
| 000 -LEADER | |
|---|---|
| campo de control de longitud fija | 00749nam a2200205 i 4500 |
| 001 - NÚMERO DE CONTROL | |
| campo de control | 36239 |
| 003 - IDENTIFICADOR DE NÚMERO DE CONTROL | |
| campo de control | ES-MaACL |
| 005 - FECHA Y HORA DE LA ÚLTIMA TRANSACCIÓN | |
| campo de control | 20251110063218.0 |
| 007 - CAMPO FIJO DE DESCRIPCIÓN FÍSICA--INFORMACIÓN GENERAL | |
| campo de control de longitud fija | t| |
| 008 - DATOS DE LONGITUD FIJA--INFORMACIÓN GENERAL | |
| campo de control de longitud fija | 030217s1960 fr ||||1| fre d |
| 100 1# - ENTRADA PRINCIPAL--NOMBRE DE PERSONA | |
| Nombre de persona | Breuil, Henri, |
| Fechas asociadas al nombre | 1877-1961 |
| 9 (RLIN) | 158544 |
| 245 10 - MENCIÓN DEL TÍTULO | |
| Título | Anibid and Omandumba and other erongo sites / |
| Mención de responsabilidad, etc. | Abbé Henri Breuil with the collaboration of Mary E. Boyle, E. R. Scherz and R. G. Strey. |
| 260 ## - PUBLICACIÓN, DISTRIBUCIÓN, ETC. | |
| Lugar de publicación, distribución, etc. | Château de Boissia (Clairvaux) : |
| Nombre del editor, distribuidor, etc. | Calouste Gulbenkian Foundation Trianon, |
| Fecha de publicación, distribución, etc. | 1960. |
| 300 ## - DESCRIPCIÓN FÍSICA | |
| Extensión | 40 p., 46 lám., 5 lám. pleg. ; |
| Dimensiones | 38 cm. |
| 700 1# - ENTRADA AGREGADA--NOMBRE PERSONAL | |
| Nombre de persona | Boyle, Mary E. |
| 9 (RLIN) | 31197 |
| 700 1# - ENTRADA AGREGADA--NOMBRE PERSONAL | |
| Nombre de persona | Scherz, E. R. |
| 9 (RLIN) | 104318 |
| 700 1# - ENTRADA AGREGADA--NOMBRE PERSONAL | |
| Nombre de persona | Strey, R. G. |
| 9 (RLIN) | 108426 |
| 852 ## - LOCALIZACIÓN | |
| Ubicación | ES-MaACL |
| Número de control de estantería | C-25280 |
| Sublocalización o colección | R.54731 |
| Estatus retirado | Estado de pérdida | Estado de daño | No para préstamo | Biblioteca de origen | Biblioteca actual | Ubicación en estantería | Fecha de adquisición | Fuente de adquisición | Total de préstamos | Signatura topográfica completa | Código de barras | Visto por última vez | Precio de reemplazo | Tipo de ítem Koha |
|---|---|---|---|---|---|---|---|---|---|---|---|---|---|---|
| Biblioteca del Ateneo de Madrid | Biblioteca del Ateneo de Madrid | Depósito 2 | 17/01/2008 | C-25280 | 1038041 | 23/02/2023 | 23/02/2023 | Libro impreso |
